Animal Look-Alikes #1 - Statistics

General Stats
  • This quiz has been taken 3,358 times
    2,465 since last reset
  • The average score is 11 of 15
Answer Stats
Question Answer % Correct
Which is the Dolphin?
98%
Which is the Porcupine?
88%
Which is the Grasshopper?
86%
Which is the Wasp?
83%
Which is the Wolf?
83%
Which is the Rabbit?
81%
Which is the Llama?
71%
Which is the Baboon?
71%
Which is the Moth?
70%
Which is the Leopard?
70%
Which is the Seal?
65%
Which is the Mouse?
63%
Which is the Crow?
61%
Which is the Alligator?
59%
Which is the Lizard?
53%
No matching quizzes found
Score Distribution
Percent of People with Each Score
Percentile by Number Answered
Your Score History
You have not taken this quiz since the last reset